Linear multivariable control theory (Record no. 12414)

000 -LEADER
fixed length control field 00538nam a22002057a 4500
001 - CONTROL NUMBER
control field 12414
003 - CONTROL NUMBER IDENTIFIER
control field BD-DhUET
008 - FIXED-LENGTH DATA ELEMENTS--GENERAL INFORMATION
fixed length control field 150225s1981 ii a|||| |||| 001 0 eng d
020 ## - INTERNATIONAL STANDARD BOOK NUMBER
International Standard Book Number 0074515128
040 ## - CATALOGING SOURCE
Transcribing agency 0
Modifying agency BD-DhUET
082 ## - DEWEY DECIMAL CLASSIFICATION NUMBER
Classification number 629.432
Item number APT/1981
100 ## - MAIN ENTRY--PERSONAL NAME
Personal name Apte Y. S.
245 ## - TITLE STATEMENT
Title Linear multivariable control theory
250 ## - EDITION STATEMENT
Edition statement 1st ed.
260 ## - PUBLICATION, DISTRIBUTION, ETC. (IMPRINT)
Place of publication, distribution, etc. New Delhi
Name of publisher, distributor, etc. Tata McGraw-Hill
Date of publication, distribution, etc. 1981
300 ## - PHYSICAL DESCRIPTION
Extent xii, 164 p.
Other physical details ill.
Dimensions 25 cm.
504 ## - BIBLIOGRAPHY, ETC. NOTE
Bibliography, etc Includes bibliographies
650 #0 - SUBJECT ADDED ENTRY--TOPICAL TERM
Topical term or geographic name as entry element Multivariable control theory
942 ## - ADDED ENTRY ELEMENTS (KOHA)
Koha item type General Book
Holdings
Not for loan Lost status Koha date last seen Source of classification or shelving scheme Withdrawn status Sublocation or collection (holding branch) Copy number Damaged status Shelving location Koha item type Koha full call number Date acquired Koha normalized classification for sorting Piece designation (barcode) Price effective from Location (home branch)
  2015-02-25  Central Library, BUET1 Circulation sectionGeneral Book629.432/APT/19812015-02-25629_432000000000000_APT_1981584242015-02-25Central Library, BUET
  2015-02-25  Central Library, BUET2 Cataloging sectionGeneral Book629.432/APT/19812015-02-25629_432000000000000_APT_1981584282015-02-25Central Library, BUET
  2015-02-25  Central Library, BUET3 Circulation sectionGeneral Book629.432/APT/19812015-02-25629_432000000000000_APT_1981584272015-02-25Central Library, BUET
  2015-02-25  Central Library, BUET4 Circulation sectionGeneral Book629.432/APT/19812015-02-25629_432000000000000_APT_1981584262015-02-25Central Library, BUET
  2015-02-25  Central Library, BUET5 Circulation sectionGeneral Book629.432/APT/19812015-02-25629_432000000000000_APT_1981584252015-02-25Central Library, BUET
  2015-02-25  Central Library, BUET6 Circulation sectionGeneral Book629.432/APT/19812015-02-25629_432000000000000_APT_1981584222015-02-25Central Library, BUET
  2015-02-25  Central Library, BUET7 Circulation sectionGeneral Book629.432/APT/19812015-02-25629_432000000000000_APT_1981584232015-02-25Central Library, BUET
  2015-05-07  Central Library, BUET8 Circulation sectionGeneral Book629.432/APT/19812015-05-07629_432000000000000_APT_1981 584202015-05-07Central Library, BUET